000 00638nam a2200205 a 4500
005 20210219153537.0
008 991125n 000 0 u
035 _aUPN01000105628
100 _aTHORVICK, Gohu
222 _aCOMUNICACION EDUCATIVA
245 _a¿Para qué se preparan los bachilleres? ¿Para el empleo? ¿Para estudios superiores?
300 _a5
362 _a1981 Año 2, No. 3, ene.
653 0 _aCOLEGIO NACIONAL DE EDUCACION PROFESIONAL TECNICA (MEXICO)
653 0 _aEDUCACION MEDIA SUPERIOR
653 0 _aEDUCACION SUPERIOR
653 0 _aEDUCACION TÉCNICA
904 _aAC
_b043439
905 _aArticulo
999 _c79570
_d79570